Loading...
| Fine Arts - Classical Music | 5 | 8.00 | 80% | 0% | 0% |
| Fine Arts - Other | 1 | 10.00 | 0% | 100% | 0% |
| Fine Arts - Painting and Sculpture | 3 | 10.00 | 67% | 33% | 0% |
| History - American | 5 | 16.00 | 100% | 40% | 20% |
| History - European | 7 | 12.86 | 86% | 43% | 0% |
| History - Other | 3 | 10.00 | 100% | 0% | 0% |
| History - World | 2 | 5.00 | 50% | 0% | 0% |
| Literature - American | 7 | 12.86 | 86% | 29% | 14% |
| Literature - British | 4 | 10.00 | 75% | 25% | 0% |
| Literature - European | 5 | 12.00 | 100% | 20% | 0% |
| Literature - World | 2 | 10.00 | 100% | 0% | 0% |
| Mythology | 3 | 6.67 | 67% | 0% | 0% |
| Other Academic | 1 | 10.00 | 100% | 0% | 0% |
| Philosophy | 5 | 10.00 | 60% | 40% | 0% |
| Pop Culture | 1 | 10.00 | 100% | 0% | 0% |
| Religion | 7 | 10.00 | 71% | 14% | 14% |
| Science - Biology | 5 | 10.00 | 80% | 20% | 0% |
| Science - Chemistry | 5 | 8.00 | 80% | 0% | 0% |
| Science - Other | 4 | 12.50 | 100% | 25% | 0% |
| Science - Physics | 6 | 10.00 | 83% | 17% | 0% |
| Social Science | 6 | 10.00 | 100% | 0% | 0% |